Mechanical engineering design (Record no. 22383)

000 -LEADER
fixed length control field 00524nam a2200193 i 4500
001 - CONTROL NUMBER
control field 22383
003 - CONTROL NUMBER IDENTIFIER
control field BD-DhUET
008 - FIXED-LENGTH DATA ELEMENTS--GENERAL INFORMATION
fixed length control field 760610s1977 nyua 001 0 eng
040 ## - CATALOGING SOURCE
Original cataloging agency DLC
Transcribing agency DLC
Modifying agency BD-DhUET
082 00 - DEWEY DECIMAL CLASSIFICATION NUMBER
Classification number 621.815
Item number SHI/1977
100 ## - MAIN ENTRY--PERSONAL NAME
Personal name Shigley, Joseph Edward
245 10 - TITLE STATEMENT
Title Mechanical engineering design
250 ## - EDITION STATEMENT
Edition statement 3rd ed.
260 ## - PUBLICATION, DISTRIBUTION, ETC. (IMPRINT)
Place of publication, distribution, etc. New York
Name of publisher, distributor, etc. McGraw-Hill
Date of publication, distribution, etc. 1977
300 ## - PHYSICAL DESCRIPTION
Extent xvi, 695p.
Other physical details ill.
Dimensions 24 cm.
490 0# - SERIES STATEMENT
Series statement McGraw-Hill series in mechanical engineering
650 #0 - SUBJECT ADDED ENTRY--TOPICAL TERM
Topical term or geographic name as entry element Machine design
942 ## - ADDED ENTRY ELEMENTS (KOHA)
Koha item type General Book
Holdings
Date acquired Withdrawn status Sublocation or collection (holding branch) Not for loan Koha normalized classification for sorting Damaged status Source of classification or shelving scheme Shelving location Koha out on loan Lost status Location (home branch) Koha full call number Koha item type Price effective from Koha issues (times borrowed) Piece designation (barcode) Copy number Koha date last borrowed Koha date last seen
2015-04-26 Central Library, BUET 621_815000000000000_SHI_1977  Circulation section2020-01-28 Central Library, BUET621.815/SHI/1977General Book2015-04-2636510912019-01-282019-01-28
2015-04-26 Central Library, BUET 621_815000000000000_SHI_1977  Circulation section  Central Library, BUET621.815/SHI/1977General Book2015-04-26 509602 2015-04-26